UBT Library

Theoretical basis of occupational therapy : (Record no. 42570)

000 -LEADER
fixed length control field 00808pam a2200217 a 4500
001 - CONTROL NUMBER
control field 4888359
005 - DATE AND TIME OF LATEST TRANSACTION
control field 20180215033348.0
008 - FIXED-LENGTH DATA ELEMENTS--GENERAL INFORMATION
fixed length control field 930622s1993 njua b 001 0 eng
010 ## - LIBRARY OF CONGRESS CONTROL NUMBER
LC control number 93024422
020 ## - INTERNATIONAL STANDARD BOOK NUMBER
International Standard Book Number 1556421516
040 ## - CATALOGING SOURCE
Original cataloging agency DLC
Transcribing agency DLC
Modifying agency DLC
041 ## - LANGUAGE CODE
Language code of text/sound track or separate title eng
080 ## - UNIVERSAL DECIMAL CLASSIFICATION NUMBER
Universal Decimal Classification number 016.6158.515 ann
082 00 - DEWEY DECIMAL CLASSIFICATION NUMBER
Classification number 016.6158.515 ann
Edition number 20
100 1# - Rafti
Rafti 4
101 ## - Shkurtesa
Shkurtesa bib
245 10 - TITLE STATEMENT
Title Theoretical basis of occupational therapy :
Statement of responsibility, etc Mary Ann McColl, Mary C. Law, Debra Stewart ; historical introductions by Penny E. Bryden.
906 ## - LOCAL DATA ELEMENT F, LDF (RLIN)
a 7
b cbc
c orignew
d 1
e ocip
f 19
g y-gencatlg
942 ## - ADDED ENTRY ELEMENTS (KOHA)
Source of classification or shelving scheme
Item type Books
Holdings
Withdrawn status Lost status Source of classification or shelving scheme Damaged status Not for loan Collection code Permanent location Current location Shelving location Date acquired Total Checkouts Full call number Barcode Date last seen Price effective from Koha item type
          Koleksioni i përgjithshem UBT - Lipjan UBT - Lipjan Koleksioni i përgjithshem 02/15/2018   016.6158.515 ann 002-2998126 02/15/2018 02/15/2018 Books
UBT Library © 2015-2024. All rights reserved University Education for Business and Technology